LEADER 01182nam a2200277 i 4500 001 000000173620 003 CaOOAMICUS 005 20190129111807.0 008 090304s2008 it u000 u ita u 013 $a151073 020 $a978-88-15-12607-8 040 $aSeMil$bita 245 10$aIntroduzione al diritto comparato delle religioni :$bebraismo, islam e induismo /$ca cura di Silvio Ferrari. 260 $aBologna :$bIl Mulino,$c2008. 300 $a226 p. ;$c22 cm. 490 0 $aItinerari. Diritto 650 4$aDiritto - Religioni comparate.$0(OLS)http://semarc/subject/33052 700 1 $aFerrari, Silvio,$d<1947- >.$0(OLS)http://semarc/name/46 830 0$aItinerari. Diritto.$0(OLS)http://semarc/title/12084 850 $aSeMil 852 $aSeMil$W1$xVenegono$y1$m3L III 116$j124465$B124465$CSeMilBibl$Z2$F141011 $81 961 $aAcquisto: Cittą Nuova (Agente) 996 $6020$a978-88-15-12607-8$9(OLS)http://semarc/number/161328 996 $6245$aIntroduzione al diritto comparato delle religioni :$bebraismo, islam e induismo$9(OLS)http://semarc/title/248747 996 $6260$aBologna :$bIl Mulino$9(OLS)http://semarc/publisher/29842 LEADER 01536nam a2200301 i 4500 001 000000026743 003 CaOOAMICUS 005 20250904165422.0 008 180830s19241979it u000 u lat u 040 $aSeMil$bita 100 0 $aAlexander : Halensis,$d<1185-1245>.$0(OLS)http://semarc/name/90162 245 10$aDoctoris irrefragabilis Alexandri de Hales ordinis minorum Summa theologica /$ciussu et auctoritate Rmi. p. Bernardini Klumper studio et cura PP. collegii S. Bonaventurae ad fidem codicum edita. 260 $aAd Claras Aquas :$bEx Typographia Collegii S. Bonaventurae,$c1924-1979. 300 $a5 v. (in 6 tomi) ;$c33 cm. 650 4$aTeologia - Sec. 13.$0(OLS)http://semarc/subject/44851 700 1 $aKoser, Konstantin.$0(OLS)http://semarc/name/34056 710 0 $aFrancescani : Collegium Sancti Bonaventurae$d<1877- >.$0(OLS)http://semarc/name/1167 774 0 $tLiber primus.$g1$w()48644 774 0 $tPrima pars secundi libri.$g2$w()213151 774 0 $tSecunda pars secundi libri.$g3$w()213153 774 0 $tLiber tertius, Prolegomena.$g4$w()213154 774 0 $tLiber tertius (Textus).$g4$w()213155 774 0 $tIndices in tom. 1.-4..$z88-7013-129-7$g[5$w()259277 900 0 $aAlessandro : di Hales. 996 $6245$aDoctoris irrefragabilis Alexandri de Hales ordinis minorum Summa theologica$9(OLS)http://semarc/title/36127 996 $6260$aAd Claras Aquas :$bEx Typographia Collegii S. Bonaventurae$9(OLS)http://semarc/publisher/34448